Agricultural land classification of England and Wales: revised guidelines and criteria for grading the quality of agricultural land (Record no. 92256)

MARC details
000 -LEADER
fixed length control field 00793cam a2200253 4500
001 - CONTROL NUMBER
control field B2096
008 - FIXED-LENGTH DATA ELEMENTS--GENERAL INFORMATION
fixed length control field 090401t1988 xxu||||| |||| 00| 0 eng d
035 ## - SYSTEM CONTROL NUMBER
System control number (Sirsi) u47984
041 ## - LANGUAGE CODE
Language code of text/sound track or separate title eng
050 ## - LIBRARY OF CONGRESS CALL NUMBER
Classification number 333.76
110 ## - MAIN ENTRY--CORPORATE NAME
Corporate name or jurisdiction name as entry element Ministry of Agriculture
9 (RLIN) 1876
245 ## - TITLE STATEMENT
Title Agricultural land classification of England and Wales: revised guidelines and criteria for grading the quality of agricultural land
260 ## - PUBLICATION, DISTRIBUTION, ETC.
Place of publication, distribution, etc. Alnwick,Northumberland
Name of publisher, distributor, etc. Ministry of Agriculture, Fisheries and F
Date of publication, distribution, etc. 1988
300 ## - PHYSICAL DESCRIPTION
Extent v,52p. ; 30cm.
350 ## - PRICE (NR) (BK AM CF MU VM SE) [OBSOLETE]
Price 5.5
650 ## - SUBJECT ADDED ENTRY--TOPICAL TERM
Topical term or geographic name entry element AGRICULTURAL LAND CLASSIFICATION
650 ## - SUBJECT ADDED ENTRY--TOPICAL TERM
Topical term or geographic name entry element CLASSIFICATION
650 ## - SUBJECT ADDED ENTRY--TOPICAL TERM
Topical term or geographic name entry element CLASSIFYING LAND
650 ## - SUBJECT ADDED ENTRY--TOPICAL TERM
Topical term or geographic name entry element FARM LAND
650 ## - SUBJECT ADDED ENTRY--TOPICAL TERM
Topical term or geographic name entry element LAND CLASSIFICATION
710 ## - ADDED ENTRY--CORPORATE NAME
Corporate name or jurisdiction name as entry element Fisheries and Food
9 (RLIN) 1879
942 ## - ADDED ENTRY ELEMENTS (KOHA)
Suppress in OPAC 0
948 ## - LOCAL PROCESSING INFORMATION (OCLC); SERIES PART DESIGNATOR (RLIN)
c (OCLC) 04/03/1997
Holdings
Withdrawn status Lost status Source of classification or shelving scheme Damaged status Not for loan Home library Current library Shelving location Date acquired Cost, normal purchase price Total Checkouts Full call number Barcode Date last seen Date last checked out Copy number Cost, replacement price Price effective from Koha item type
    Dewey Decimal Classification     London London Folio 14/09/1999 5.50 1 F333.76 30001354 06/08/2019 26/02/2002 1 5.50 06/08/2019 Book